Teología moral católica. (Record no. 176026)

MARC details
000 -LEADER
campo de control de longitud fija 01126nam a2200301 i 4500
001 - NÚMERO DE CONTROL
campo de control 176026
003 - IDENTIFICADOR DE NÚMERO DE CONTROL
campo de control ES-MaACL
005 - FECHA Y HORA DE LA ÚLTIMA TRANSACCIÓN
campo de control 20250830062810.0
007 - CAMPO FIJO DE DESCRIPCIÓN FÍSICA--INFORMACIÓN GENERAL
campo de control de longitud fija t|
008 - DATOS DE LONGITUD FIJA--INFORMACIÓN GENERAL
campo de control de longitud fija 101210s1971 sp ||||1| spa d
080 ## - NÚMERO DE LA CLASIFICACIÓN DECIMAL UNIVERSAL
Número de la Clasificación Decimal Universal 27-42
100 1# - ENTRADA PRINCIPAL--NOMBRE DE PERSONA
Nombre de persona Mausbach, J.
9 (RLIN) 144248
245 10 - MENCIÓN DEL TÍTULO
Título Teología moral católica.
Número de parte o sección de la obra II,
Nombre de parte o sección de la obra Moral especial /
Mención de responsabilidad, etc. J. Mausbach, G. Ermecke ; [versión española realizada por Manuel García Aparisi ; revisión del texto y adaptación bibliográfica por José López Navarro].
250 ## - MENCION DE EDICION
Mención de edición 11ª ed.
260 ## - PUBLICACIÓN, DISTRIBUCIÓN, ETC.
Lugar de publicación, distribución, etc. Pamplona :
Nombre del editor, distribuidor, etc. Ediciones Universidad de Navarra,
Fecha de publicación, distribución, etc. 1971.
300 ## - DESCRIPCIÓN FÍSICA
Extensión XXIV, 476 p. ;
Dimensiones 22 cm.
490 1# - MENCIÓN DE SERIE
Mención de serie Biblioteca de Teología ;
Designación de volumen o secuencia 10
500 ## - NOTA GENERAL
Nota general Índices.
594 ## - Nota al título y mención de responsabilidad
Nota al título y mención de responsabilidad Tít. original: Katholische Moraltheologie.
650 #7 - PUNTO DE ACCESO ADICIONAL DE MATERIA--TÉRMINO DE MATERIA
Término de materia o nombre geográfico como elemento de entrada Moral cristiana
Fuente del encabezamiento o término embne
9 (RLIN) 142371
700 1# - ENTRADA AGREGADA--NOMBRE PERSONAL
Nombre de persona Ermecke, Gustav.
9 (RLIN) 144249
700 1# - ENTRADA AGREGADA--NOMBRE PERSONAL
Nombre de persona García Aparisi, Manuel.
9 (RLIN) 144245
700 1# - ENTRADA AGREGADA--NOMBRE PERSONAL
Nombre de persona López Navarro, José.
9 (RLIN) 73822
710 2# - ENTRADA AGREGADA--NOMBRE DE ENTIDAD CORPORATIVA
Nombre de entidad corporativa o nombre de jurisdicción como elemento de entrada Universidad de Navarra.
9 (RLIN) 7252
830 00 - PUNTO DE ACCESO ADICIONAL DE SERIE-TÍTULO UNIFORME
Título uniforme Biblioteca de teología
Designación de volumen o secuencia 10
9 (RLIN) 183765
852 ## - LOCALIZACIÓN
Ubicación ES-MaACL
Número de control de estantería E-13760
Encuadernación Olim P-316-Ter
Holdings
Estatus retirado Estado de pérdida Estado de daño No para préstamo Biblioteca de origen Biblioteca actual Ubicación en estantería Fecha de adquisición Fuente de adquisición Total de préstamos Signatura topográfica completa Código de barras Visto por última vez Precio de reemplazo Tipo de ítem Koha
        Biblioteca del Ateneo de Madrid Biblioteca del Ateneo de Madrid Depósito 2 10/12/2010     E-13760 1184862 23/02/2023 23/02/2023 Libro impreso